00329nam a2200133Ia 4500008004100000041001200041082000800053082001100061100001800072100001100090245003600101260004900137260000900186150909s9999 xx 000 0 und d aEnglish a590 bPRE/FA aPreston H B  eAuthor aFauna of British India Mollusca bToday and Tomarrow's Printers and Publishers c1915